[Event "Nachod op"]
[Site "Nachod"]
[Date "2012.07.02"]
[Round "3"]
[White "Karlik, Vladimir"]
[Black "Gerych, Jan"]
[Result "1/2-1/2"]
[WhiteElo "2329"]
[BlackElo "2052"]
[PlyCount "65"]
[EventDate "2012.06.30"]
[EventType "swiss"]
[EventRounds "9"]
[EventCountry "CZE"]
[SourceTitle "CBM 149 Extra"]
[Source "ChessBase"]
[SourceDate "2012.08.24"]
[SourceVersion "1"]
[SourceVersionDate "2012.08.24"]
[SourceQuality "1"]

1. d4 d5 2. Bf4 Nf6 3. e3 Bf5 4. c4 e6 5. Qb3 Qc8 6. Nc3 c6 7. Nf3 h6 8. h3 Be7 9. Rc1 Nbd7 10. Be2 0-0 11. 0-0 Nb6 12. c5 Nbd7 13. Qd1 Ne4 14. b4 Nxc3 15. Rxc3 a6 16. a4 Re8 17. Rb3 Bf6 18. Qa1 Be4 19. Ne5 Nxe5 20. Bxe5 Bxe5 21. dxe5 Qd8 22. Qd4 Rf8 23. Bd3 Bxd3 24. Qxd3 Qe7 25. Qd4 f6 26. e4 fxe5 27. Qxe5 Qf6 28. Qxf6 Rxf6 29. exd5 exd5 30. Re1 Raf8 31. Re7 R8f7 32. Rxf7 Rxf7 33. b5 1/2-1/2

[Event "CZE-chT2F 1112"]
[Site "Czech Republic"]
[Date "2012.03.25"]
[Round "10.38"]
[White "Zalesky, Karel"]
[Black "Gerych, Jan"]
[Result "1-0"]
[WhiteElo "2116"]
[BlackElo "2067"]
[PlyCount "67"]
[EventDate "2011.10.09"]
[EventType "team-tourn"]
[EventRounds "11"]
[EventCountry "CZE"]
[SourceTitle "EXT 2013"]
[Source "ChessBase"]
[SourceDate "2012.11.22"]
[SourceVersion "1"]
[SourceVersionDate "2012.11.22"]
[SourceQuality "1"]
[WhiteTeam "Opava KVS"]
[BlackTeam "Olomouc"]
[WhiteTeamCountry "CZE"]
[BlackTeamCountry "CZE"]

1. e4 d5 2. exd5 Qxd5 3. Nc3 Qa5 4. d4 Nf6 5. Bd2 c6 6. Nf3 Bg4 7. h3 Qh5 8. Be2 e6 9. 0-0 Bxf3 10. Bxf3 Qh4 11. Ne2 Bd6 12. b4 h6 13. Re1 g5 14. c4 g4 15. g3 Qxh3 16. Bg2 Qh5 17. Nf4 Qf5 18. b5 Kf8 19. Qa4 cxb5 20. cxb5 Nbd7 21. Bxb7 Nb6 22. Qb3 Rb8 23. Bc6 Kg7 24. Re2 h5 25. Rae1 h4 26. Re5 Bxe5 27. Rxe5 Qh7 28. Rg5+ Kh6 29. Nxe6 fxe6 30. Rxg4+ Kh5 31. Rxh4+ Kg6 32. Rxh7 Rxh7 33. Qxe6 Rd8 34. Be4+ 1-0

[Event "CZE-chT2E 0809"]
[Site "Czech Republic"]
[Date "2009.04.05"]
[Round "11.4"]
[White "Gerych, Jan"]
[Black "Plsek, Miroslav"]
[Result "1-0"]
[WhiteElo "2063"]
[BlackElo "2168"]
[PlyCount "73"]
[EventDate "2008.10.12"]
[EventType "team-tourn"]
[EventRounds "11"]
[EventCountry "CZE"]
[SourceTitle "EXT 2010"]
[Source "ChessBase"]
[SourceDate "2010.11.25"]
[SourceVersion "1"]
[SourceVersionDate "2010.11.25"]
[SourceQuality "1"]
[WhiteTeam "Olomouc"]
[BlackTeam "Stare Mesto II"]
[WhiteTeamCountry "CZE"]
[BlackTeamCountry "CZE"]

1. d4 Nf6 2. Bg5 Ne4 3. Bf4 d5 4. e3 c5 5. c3 e6 6. Bd3 Nf6 7. Nf3 Nc6 8. Nbd2 Be7 9. h3 0-0 10. Qe2 Bd7 11. Ne5 Be8 12. g4 Nd7 13. Nef3 f6 14. e4 cxd4 15. exd5 exd5 16. Nxd4 Nc5 17. Bc2 Bf7 18. Nf5 Re8 19. 0-0-0 Ne6 20. Nxe7+ Rxe7 21. Qf3 b5 22. Nb3 Qc8 23. Kb1 a5 24. Bf5 g6 25. Bxe6 Bxe6 26. Nc5 Bf7 27. Bd6 Re6 28. Nxe6 Qxe6 29. Bg3 d4 30. b3 a4 31. Rhe1 Qc8 32. Kb2 axb3 33. axb3 Ne5 34. Bxe5 fxe5 35. cxd4 exd4 36. Re7 Be6 37. Rxe6 1-0